Озонолиз компонентов нефти; Ч. IV; Возможности использования озонолиза в анализе и переработке нефтяного сырья

Bibliographic Details
Other Authors: Камьянов В. Ф., Лебедев А. К., Сивирилов П. П., Горбунова Л. В.
Language:Russian
Published: Томск, Изд-во ТПУ, 1997
Subjects:
Format: Book
KOHA link:https://koha.lib.tpu.ru/cgi-bin/koha/opac-detail.pl?biblionumber=8584

MARC

LEADER 00000nam0a2200000 4500
001 8584
005 20231030181928.0
035 |a (RuTPU)RU\TPU\book\8633 
035 |a BOOK00008692 
090 |a 8584 
100 |a 20011209d1997 k y0rusy50 ca 
101 0 |a rus 
102 |a RU 
105 |a y z 000zy 
200 1 |a Озонолиз компонентов нефти  |h Ч. IV  |i Возможности использования озонолиза в анализе и переработке нефтяного сырья  |f В. Ф. Камьянов [и др.] 
210 |a Томск  |c Изд-во ТПУ  |d 1997 
215 |a 67 с. 
610 1 |a озонолиз 
610 1 |a сырая нефть 
610 1 |a озон 
610 1 |a оборудование 
610 1 |a деструкция 
610 1 |a термолиз 
610 1 |a гидролиз 
675 |a 665.61  |v 3 
701 1 |a Камьянов  |b В. Ф. 
701 1 |a Лебедев  |b А. К. 
701 1 |a Сивирилов  |b П. П. 
701 1 |a Горбунова  |b Л. В. 
801 0 |a RU  |b 63413507  |c 20011209  |g PSBO 
801 2 |a RU  |b 63413507  |c 20060710  |g PSBO 
942 |c BK